Statistics for Country/Capital Pair-Up Puzzle

Click here to take the quiz!

General Stats

  • This quiz has been taken 77 times
  • The average score is 8 of 10

Answer Stats

Answer % Correct
1France, Paris
100%
2Kenya, Nairobi
95%
5Samoa, Apia
90%
7Romania, Bucharest
85%
3South Sudan, Juba
83%
6Ecuador, Quito
83%
8Armenia, Yerevan
80%
4Dominica, Roseau
78%
9Mauritius, Pt Louis
68%
10Burma, Naypyidaw
63%

Score Distribution

Percentile by Number Answered

Percent of People with Each Score

Your Score History

You have not taken this quiz